000
00392nam a22001697a 4500
003
MPLRDC
005
20220104143855.0
008
210129b ||||| |||| 00| 0 eng d
082
_a
947.411 LYJ v.7
100
_a
刘云杰、阿宽
245
_a
百分百感觉
_c
250
_a
初版
260
_a
_b
大然
_c
300
_b
平
650
_a
长篇漫画
942
_c
BK
_o
947.411 LYJ v.7
999
_c
44190
_d
44180